NPB 日本プロ野球 この選手は誰? 現役選手編 - Statistics

General Stats
  • This quiz has been taken 1,356 times
  • The average score is 5 of 13
Answer Stats
ヒント 選手名 % Correct
1:防御率 1.272:勝利 24 3:敗戦 0 田中将大
98%
1:打率 .3222:本塁打 22 3:防御率 1.86 大谷翔平
94%
1:打率 .3302:長打率 .779 3:本塁打 60 バレンティン
89%
1:打率 .3152:本塁打 34 3:盗塁 33 山田哲人
88%
1:打席 2312:出塁率 .567 3:打率 .413 近藤健介
62%
1:本塁打 1(2019年)2:本塁打 0(2021年) 3:本塁打 24(2023年) 細川成也
37%
1:本塁打 23(2017年)
2:本塁打 24(2020年) 3:本塁打 0(2023年)
山川穂高
15%
1:防御率 3.82(2019年)2:防御率 15.75(2021年) 3:防御率 2.26(2023年) 大竹耕太郎
12%
1:打率 .275(2016年)2:打率 .172(2018年) 3:打率 .152(2020年) 高山俊
5%
1:防御率 1.78 佐々木朗希
4%
1:打率 .266 梅野隆太郎
3%
1:防御率 2.31 島内颯太郎
3%
1:打率 .218 アデルリン・ロドリゲス
2%
No matching quizzes found
Score Distribution
Percent of People with Each Score
Percentile by Number Answered
Your Score History
You have not taken this quiz